AC/DC Discography - Statistics

General Stats
  • This quiz has been taken 314 times
    257 since last reset
  • The average score is 20 of 38
Answer Stats
Type Year Name % Correct
Album 1980 Back in Black
96%
Album 1979 Highway to Hell
92%
Album 1975 High Voltage
88%
Album 1976 High Voltage
88%
Album 1976 Dirty Deeds Done Dirt Cheap
81%
Album 1990 The Razors Edge
80%
Album 1985 Fly on the Wall
74%
Video Album 1985 Fly on the Wall
74%
Album 2008 Black Ice
73%
Album 1978 Powerage
72%
Video Album 1980 AC/DC: Let There Be Rock
71%
Album 1977 Let There Be Rock
71%
Album 1981 For Those About to Rock We Salute You
68%
Album 1975 T.N.T.
67%
Album 2020 Power Up
65%
Soundtrack 1986 Who Made Who
62%
Video Album 1986 Who Made Who
62%
Album 1995 Ballbreaker
60%
Album 1983 Flick of the Switch
60%
Album 2014 Rock or Bust
60%
Album 1988 Blow Up Your Video
57%
Album 2000 Stiff Upper Lip
56%
Soundtrack 2010 Iron Man 2
48%
Video Album 1991 AC/DC
41%
Video Album 2011 Live at River Plate
40%
Live Album 2012 Live at River Plate
40%
Live Album 1978 If You Want Blood You've Got It
39%
Live Album 1992 AC/DC Live
30%
Box Set 1997 Bonfire
30%
EP 1984 '74 Jailbreak
29%
Box Set 2009 Backtracks
25%
Video Album 2005 Family Jewels
17%
Video Album 1992 Live at Donington
16%
Video Album 1996 No Bull
12%
Video Album 2007 Plug Me In
10%
Video Album 2001 Stiff Upper Lip Live
7%
Video Album 1991 Clipped
5%
Live Album 1992 AC/DC Live: Collector's Edition
3%
No matching quizzes found
Score Distribution
Percent of People with Each Score
Percentile by Number Answered
Your Score History
You have not taken this quiz since the last reset